Statistique /
Enregistré dans:
| Auteur principal: | |
|---|---|
| Format: | Livre |
| Langue: | français |
| Publié: |
Paris :
Dalloz,
1971
|
| Tags: |
Pas de tags, Soyez le premier à ajouter un tag!
|
MARC
| LEADER | 00000nam a22000003a 4500 | ||
|---|---|---|---|
| 001 | stu36618 | ||
| 005 | 20150617225728.5 | ||
| 008 | 920611s1971----fr------------------fre-d | ||
| 040 | |a STU |b slo | ||
| 041 | 0 | |a fre | |
| 044 | |a fr | ||
| 100 | 1 | |a Guitton, Henri |4 aut | |
| 245 | 1 | |a Statistique / |c [aut.]Henri Guitton | |
| 260 | |a Paris : |b Dalloz, |c 1971 | ||
| 300 | |a 354 s | ||
| 996 | |b 284M012527 |c M*5749-1 |l MMKN |s A |a 24 |w stu36618_0001 | ||